000 00330nam a22001097a 4500
008 230703b xxu||||| |||| 00| 0 eng d
082 _a342
_bCKRC 2005
245 _aThe Final Report of the Constitution of Kenya Review Commission
260 _bConstitution of Kenya Review Commission
_c2005
300 _aXVIII,719p
942 _2ddc
_cBK
999 _c3512
_d3512